Гидрогеологические условия формирования нефтяного загрязнения в приустьевой части долины реки Туапсе (Северный Кавказ) и пути улучшения экологического состояния геологической среды: автореферат диссертации на соискание ученой степени кандидата геолого-минералогических наук; спец. 25.00.07

Dades bibliogràfiques
Autor principal: Чепрасова А. С. Анна Сергеевна
Autor corporatiu: Национальный исследовательский Томский политехнический университет (ТПУ)
Altres autors: Шварцев С. Л. Степан Львович (научный руководитель)
Sumari:Защита сост. 30.05.2012 г.
For_staff_use
Idioma:rus
Publicat: Томск, 2012
Matèries:
Format: Llibre
KOHA link:https://koha.lib.tpu.ru/cgi-bin/koha/opac-detail.pl?biblionumber=216592

MARC

LEADER 00000nam0a2200000 4500
001 216592
005 20231101230041.0
035 |a (RuTPU)RU\TPU\book\236564 
090 |a 216592 
100 |a 20120528d2012 k y0rusy50 ca 
101 0 |a rus 
102 |a RU 
105 |a a dm 001zy 
200 1 |a Гидрогеологические условия формирования нефтяного загрязнения в приустьевой части долины реки Туапсе (Северный Кавказ) и пути улучшения экологического состояния геологической среды  |e автореферат диссертации на соискание ученой степени кандидата геолого-минералогических наук  |e спец. 25.00.07  |f А. С. Чепрасова  |g Национальный исследовательский Томский политехнический университет (ТПУ) ; науч. рук. С. Л. Шварцев 
210 |a Томск  |d 2012 
215 |a 21 с.  |c ил. 
300 |a Защита сост. 30.05.2012 г. 
320 |a Библиогр.: с. 20-21 (11 назв.). 
371 0 |a For_staff_use 
606 1 |a Реки  |x Нефтяное загрязнение  |2 stltpush  |3 (RuTPU)RU\TPU\subj\71673  |9 85464 
610 1 |a термины 
610 1 |a понятия 
610 1 |a подземные воды 
610 1 |a формирование 
610 1 |a природные факторы 
610 1 |a геологическая среда 
610 1 |a экологическое состояние 
610 1 |a мониторинг 
610 1 |a информационное обеспечение 
610 1 |a дренажные системы 
610 1 |a эксплуатация 
610 1 |a численное моделирование 
610 1 |a река Туапсе 
610 1 |a приустьевые зоны 
610 1 |a нефтяные загрязнения 
610 1 |a гидрогеологические условия 
610 1 |a авторефераты диссертаций 
675 |a 556.535.8(04)  |v 3 
686 |a 25.00.07  |2 oksvnk 
700 1 |a Чепрасова  |b А. С.  |g Анна Сергеевна 
702 1 |a Шварцев  |b С. Л.  |c российский гидрогеолог, доктор геолого-минералогических наук  |c профессор Томского политехнического университета, академик РАЕН  |f 1936-  |g Степан Львович  |2 stltpush  |3 (RuTPU)RU\TPU\pers\25914  |4 727 
712 0 2 |a Национальный исследовательский Томский политехнический университет (ТПУ)  |c (2009- )  |2 stltpush  |3 (RuTPU)RU\TPU\col\15902 
801 1 |a RU  |b 63413507  |c 20120528 
801 2 |a RU  |b 63413507  |c 20120601  |g RCR 
942 |c BK